[Event "Rewal 2011 - Open A"]
[Site "Rewal"]
[Date "2011.08.23"]
[Round "4.17"]
[White "Popova, Natalija"]
[Black "Smolka, Marcin"]
[Result "1/2-1/2"]
[WhiteElo "2317"]
[BlackElo "1862"]
[EventDate "2011.??.??"]
[PlyCount "87"]

1.e4 e5 2.Nf3 Nc6 3.Bb5 a6 4.Ba4 Nf6 5.O-O Nxe4 6.d4 b5 7.Bb3 d5 8.dxe5 
Be6 9.Nbd2 Nc5 10.c3 g6 11.Re1 Bg7 12.Nf1 O-O 13.Bf4 Qd7 14.Ne3 Nxb3 15.
axb3 Rfd8 16.Nc2 Bf5 17.Ncd4 Be4 18.b4 Bxf3 19.Qxf3 Nxd4 20.cxd4 c6 21.Ra3
Ra7 22.Bg5 Rda8 23.Rea1 Bf8 24.Qc3 Qg4 25.Bf6 a5 26.Qxc6 Qxd4 27.Rxa5 Rxa5
28.bxa5 Rxa5 29.Rf1 Qxb2 30.Qxd5 Ra1 31.g3 Rxf1+ 32.Kxf1 Qc1+ 33.Kg2 Qc5 
34.Qd7 Qb6 35.Bd8 Qa6 36.Bc7 Qa8+ 37.Kh3 Qf3 38.Qe8 Qf5+ 39.Kg2 Qe4+ 40.
Kg1 Qe1+ 41.Kg2 Qe4+ 42.Kg1 Qe1+ 43.Kg2 Qe4+ 44.Kg1 1/2-1/2

[Event "Rewal 2011 - Open A"]
[Site "Rewal"]
[Date "2011.08.23"]
[Round "4.18"]
[White "Pacuszka, Tomasz"]
[Black "Gajek, Radoslaw"]
[Result "1-0"]
[WhiteElo "2289"]
[BlackElo "2054"]
[EventDate "2011.??.??"]
[PlyCount "127"]

1.Nf3 c5 2.b3 d6 3.Bb2 e5 4.e3 Be7 5.Nc3 Nc6 6.Bb5 Nf6 7.d3 a6 8.Bxc6+ 
bxc6 9.h3 Be6 10.Ne2 O-O 11.e4 Nd7 12.g4 Rb8 13.c4 f6 14.Bc3 d5 15.Qd2 Qe8
16.Ng3 Bd8 17.Ba5 Nb6 18.Rc1 Bc7 19.O-O d4 20.Rb1 g6 21.Rfe1 Kg7 22.Kg2 h6
23.Qe2 Bd7 24.Rg1 Nd5 25.cxd5 Bxa5 26.dxc6 Bxc6 27.Kh2 Bc3 28.Nh4 Kh7 29.
Ng2 a5 30.Rgf1 Ra8 31.h4 a4 32.f4 axb3 33.axb3 Qb8 34.g5 fxg5 35.fxg5 Qd6 
36.h5 hxg5 37.hxg6+ Qxg6 38.Nf5 Bd7 39.Qg4 Bxf5 40.exf5 Qf6 41.Kg3 Bd2 42.
Rh1+ Kg7 43.Rh5 Qxf5 44.Qxf5 Rxf5 45.Rbh1 Rf7 46.Rh7+ Kf6 47.R7h6+ Ke7 48.
Rb6 Raf8 49.Ra1 Re8 50.Ra2 Bb4 51.Re2 Kf8 52.Kg4 e4 53.Rxe4 Rxe4+ 54.dxe4 
Rd7 55.Kf5 d3 56.Ne3 d2 57.Nd1 Rf7+ 58.Kxg5 Rf1 59.Rf6+ Rxf6 60.Kxf6 Ke8 
61.Ke6 Kd8 62.Kf7 Kc7 63.e5 Kb6 64.Ne3 {czas} 1-0

[Event "Rewal 2011 - Open A"]
[Site "Rewal"]
[Date "2011.08.23"]
[Round "4.19"]
[White "Jaroch, Pawel"]
[Black "Brzezinski, Mateusz"]
[Result "1/2-1/2"]
[WhiteElo "2250"]
[BlackElo "2042"]
[EventDate "2011.??.??"]
[PlyCount "32"]

1.d4 d5 2.c4 e6 3.Nf3 Nf6 4.g3 c6 5.Bg2 Bd6 6.Nc3 Nbd7 7.b3 O-O 8.O-O Re8 
9.Bb2 b6 10.Qc2 Bb7 11.e4 dxe4 12.Nxe4 Be7 13.Rfe1 Qc7 14.Rad1 c5 15.Nxf6+
Bxf6 16.Qe2 cxd4 1/2-1/2

[Event "Rewal 2011 - Open A"]
[Site "Rewal"]
[Date "2011.08.23"]
[Round "4.21"]
[White "Motyl, Tomasz"]
[Black "Turlej, Lukasz"]
[Result "1/2-1/2"]
[WhiteElo "2027"]
[BlackElo "2158"]
[EventDate "2011.??.??"]
[PlyCount "20"]

1.g3 Nf6 2.Bg2 d5 3.c4 c6 4.Nf3 g6 5.b3 Bg7 6.Bb2 O-O 7.O-O Nbd7 8.d4 Ne4 
9.Nfd2 Nxd2 10.Qxd2 Nf6 1/2-1/2

[Event "Rewal 2011 - Open A"]
[Site "Rewal"]
[Date "2011.08.23"]
[Round "4.23"]
[White "Musialkiewicz, Jan"]
[Black "Sielicki, Tomasz"]
[Result "1/2-1/2"]
[WhiteElo "2150"]
[BlackElo "2022"]
[EventDate "2011.??.??"]
[PlyCount "42"]

1.e4 e5 2.Nf3 Nc6 3.d4 exd4 4.Nxd4 Nf6 5.Nxc6 bxc6 6.Bd3 d5 7.O-O dxe4 8.
Qe1 Qe7 9.Qc3 Qc5 10.Re1 Be6 11.Bxe4 Nxe4 12.Rxe4 O-O-O 13.Re1 Bd6 14.Be3 
Qxc3 15.Nxc3 Kb7 16.a3 Bf5 17.Re2 Rhe8 18.Rae1 Re7 19.Bg5 Rxe2 20.Rxe2 f6 
21.Be3 Be5 1/2-1/2

[Event "Rewal 2011 - Open A"]
[Site "Rewal"]
[Date "2011.08.23"]
[Round "4.24"]
[White "Cukrowski, Filip"]
[Black "Leczycki, Pawel"]
[Result "1-0"]
[WhiteElo "2113"]
[BlackElo "2002"]
[EventDate "2011.??.??"]
[PlyCount "93"]

1.e4 e5 2.Nf3 Nc6 3.Bb5 a6 4.Bxc6 dxc6 5.O-O Bg4 6.h3 h5 7.d3 Qf6 8.Be3 
Bxf3 9.Qxf3 Qxf3 10.gxf3 Bd6 11.Nd2 Ne7 12.Rfb1 O-O-O 13.a4 Ng6 14.Kf1 b6 
15.b4 Be7 16.Rb3 Kb7 17.Nc4 Rhe8 18.Rab1 Bf6 19.Ke2 Nf8 20.Nd2 Ne6 21.c4 
Ng5 22.Rh1 Ne6 23.Ra1 h4 24.c5 b5 25.axb5 axb5 26.Rba3 Ra8 27.Nb3 Rxa3 28.
Rxa3 Ra8 29.Rxa8 Kxa8 30.Na5 Nd8 31.Kd2 Kb8 32.f4 exf4 33.Bxf4 Kc8 34.Be3 
g5 35.f3 Kd7 36.d4 Ke6 37.Kd3 Be7 38.Nb3 f5 39.d5+ Ke5 40.f4+ Kf6 41.fxg5+
Kg6 42.exf5+ Kxf5 43.Nd4+ Kg6 44.dxc6 Bxg5 45.Bxg5 Kxg5 46.Ke4 Kg6 47.Kd5 
1-0

[Event "Rewal 2011 - Open A"]
[Site "Rewal"]
[Date "2011.08.23"]
[Round "4.26"]
[White "Paszewski, Mateusz"]
[Black "Siedlinski, Piotr"]
[Result "1/2-1/2"]
[WhiteElo "1905"]
[BlackElo "2078"]
[EventDate "2011.??.??"]
[PlyCount "34"]

1.e4 d5 2.exd5 Qxd5 3.Nc3 Qa5 4.d4 Nf6 5.Bc4 c6 6.Nf3 Bg4 7.h3 Bxf3 8.Qxf3
e6 9.O-O Bd6 10.Ne4 Nxe4 11.Qxe4 Qc7 12.c3 Nd7 13.Be3 Nf6 14.Qc2 Nd5 15.
Rfe1 O-O 16.Bd3 h6 17.Rad1 Rfe8 1/2-1/2

[Event "Rewal 2011 - Open A"]
[Site "Rewal"]
[Date "2011.08.23"]
[Round "4.27"]
[White "Szczukiewicz, Andrzej"]
[Black "Smola, Michal"]
[Result "1-0"]
[WhiteElo "2070"]
[BlackElo "2187"]
[EventDate "2011.??.??"]
[PlyCount "101"]

1.e4 c5 2.Nf3 d6 3.d4 cxd4 4.Nxd4 Nf6 5.Nc3 Nc6 6.Bc4 e6 7.Bb3 Be7 8.Be3 
O-O 9.Qe2 a6 10.O-O-O Qc7 11.g4 Na5 12.g5 Nxb3+ 13.Nxb3 Nd7 14.Kb1 b5 15.
a3 Ne5 16.Rhg1 Nc4 17.Bd4 Bd7 18.Rg3 a5 19.Qh5 e5 20.Nd5 Qd8 21.Nc5 Bc8 
22.Be3 Re8 23.Nb7 Bxb7 24.Rh3 h6 25.Rg1 Kh8 26.g6 Nxe3 27.gxf7 Bg5 28.Rxg5
Re6 29.fxe3 Bc8 30.Rf3 Qf8 31.Rf1 Ra7 32.Rg3 Kh7 33.Nb6 g6 34.Qh3 Rf6 35.
Nxc8 Rxf1+ 36.Qxf1 Rxf7 37.Qxb5 Qxc8 38.Rg1 Rf2 39.Qd3 Rxh2 40.Rf1 h5 41.
Rf6 h4 42.Rxd6 h3 43.Rd7+ Kh6 44.Rd8 Rh1+ 45.Ka2 Qe6+ 46.b3 h2 47.Rh8+ Kg7
48.Qd8 Qf7 49.Qh4 Qe6 50.Rh7+ Kg8 51.Ra7 1-0

[Event "Rewal 2011 - Open A"]
[Site "Rewal"]
[Date "2011.08.23"]
[Round "4.28"]
[White "Falkowski, Dawid"]
[Black "Sliwerski, Radoslaw"]
[Result "0-1"]
[WhiteElo "2059"]
[BlackElo "2174"]
[EventDate "2011.??.??"]
[PlyCount "54"]

1.e4 c5 2.Nf3 d6 3.d4 cxd4 4.Qxd4 Nc6 5.Bb5 Bd7 6.Bxc6 Bxc6 7.Nc3 Nf6 8.
Bg5 e6 9.O-O-O Be7 10.Kb1 O-O 11.Rhe1 h6 12.Bxf6 Bxf6 13.Qxd6 Bxc3 14.Qc5 
Bxe1 15.Rxd8 Rfxd8 16.Kc1 Bxe4 17.Nxe1 Rd5 18.Qe3 Rad8 19.b3 Bg6 20.g4 b5 
21.Nf3 Rc8 22.Nd4 Bxc2 23.Nxc2 Rdc5 24.Kd1 Rxc2 25.Qxa7 Rb2 26.Qd7 Ra8 27.
f4 Raxa2 0-1

[Event "Rewal 2011 - Open A"]
[Site "Rewal"]
[Date "2011.08.23"]
[Round "4.29"]
[White "Spicak, Krzysztof"]
[Black "Kaminski, Piotr"]
[Result "0-1"]
[WhiteElo "2054"]
[BlackElo "2158"]
[EventDate "2011.??.??"]
[PlyCount "96"]

1.d4 d6 2.c4 c6 3.e4 Nd7 4.f4 e5 5.Nf3 Qc7 6.Nc3 Ngf6 7.Be2 Be7 8.O-O O-O 
9.h3 Re8 10.fxe5 dxe5 11.dxe5 Nxe5 12.Nxe5 Qxe5 13.Bf4 Qc5+ 14.Kh1 Nd7 15.
e5 Nxe5 16.Ne4 Qa5 17.a3 Be6 18.b4 Qc7 19.Qd4 f6 20.c5 Rad8 21.Qc3 Bd5 22.
Nf2 Bf8 23.Ng4 Qe7 24.Bxe5 fxe5 25.Qg3 Kh8 26.Rf5 e4 27.Raf1 g6 28.Re5 Qg7
29.Rxe8 Rxe8 30.Nf6 Rd8 31.Qf4 Qe7 32.Ng4 Bg7 33.Qe3 h5 34.Nf2 Rf8 35.Kh2 
Kh7 36.Kg1 Qe5 37.Nd1 Rxf1+ 38.Kxf1 Bh6 39.Qc3 Qf4+ 40.Ke1 e3 41.Bf3 Bxf3 
42.gxf3 Qg3+ 43.Ke2 Qg2+ 44.Kd3 Qxf3 45.Kc2 Qg2+ 46.Kb3 e2 47.Nb2 Qd5+ 48.
Nc4 Qd1+ 0-1

[Event "Rewal 2011 - Open A"]
[Site "Rewal"]
[Date "2011.08.23"]
[Round "4.30"]
[White "Grygierczyk, Wojciech"]
[Black "Siwiec, Arkadiusz"]
[Result "1-0"]
[WhiteElo "2040"]
[BlackElo "2144"]
[EventDate "2011.??.??"]
[PlyCount "91"]

1.Nf3 d5 2.d4 Nf6 3.c4 c6 4.Nc3 Bf5 5.cxd5 cxd5 6.Qb3 b6 7.Bg5 e6 8.e4 
dxe4 9.Bb5+ Ke7 10.Bf4 Nfd7 11.Ne5 Nxe5 12.dxe5 f6 13.Rd1 Qc8 14.Nxe4 Kf7 
15.Qf3 a6 16.Bd3 Bb4+ 17.Bd2 Bxe4 18.Bxe4 Bxd2+ 19.Rxd2 Ra7 20.exf6 gxf6 
21.O-O Nd7 22.Qh5+ Ke7 23.Re1 Nc5 24.Bf5 Rd7 25.Rde2 Rd5 26.Qh3 Re5 27.
Rxe5 fxe5 28.Qh4+ Kd6 29.Rd1+ Kc7 30.Qe7+ Kb8 31.Bh3 a5 32.g3 Qc7 33.Qf6 
Re8 34.Bg2 Ka7 35.Qf3 Rd8 36.Rxd8 Qxd8 37.h4 b5 38.Qc6 Qb6 39.Qe8 e4 40.
Qe7+ Ka6 41.Qxh7 a4 42.Bxe4 Qa5 43.Bf3 Qd2 44.Qc7 Qc1+ 45.Kh2 b4 46.Be2+ 
1-0

[Event "Rewal 2011 - Open A"]
[Site "Rewal"]
[Date "2011.08.23"]
[Round "4.31"]
[White "Przybylka, Damian"]
[Black "Licznerski, Lukasz"]
[Result "0-1"]
[WhiteElo "2030"]
[BlackElo "2122"]
[EventDate "2011.??.??"]
[PlyCount "48"]

1.e4 c6 2.d4 d5 3.e5 c5 4.Nf3 Nc6 5.c3 cxd4 6.cxd4 Bg4 7.Be2 Qb6 8.Nc3 e6 
9.Na4 Qa5+ 10.Kf1 b5 11.Nc3 a6 12.Be3 Nge7 13.h3 Bxf3 14.Bxf3 Nf5 15.g4 
Nh4 16.Be2 Be7 17.Qd2 O-O 18.Bg5 Bxg5 19.Qxg5 Qd8 20.Qxd8 Raxd8 21.Bxb5 
axb5 22.Nxb5 Ra8 23.Ke2 Ra4 24.Rhd1 Rb4 0-1

[Event "Rewal 2011 - Open A"]
[Site "Rewal"]
[Date "2011.08.23"]
[Round "4.32"]
[White "Zielinski, Wojciech"]
[Black "Puczylowski, Marcin"]
[Result "1-0"]
[WhiteElo "2097"]
[BlackElo "2011"]
[EventDate "2011.??.??"]
[PlyCount "76"]

1.b3 a5 2.Nc3 d5 3.e3 e5 4.Bb2 Nf6 5.d4 e4 6.f3 exf3 7.gxf3 c6 8.Bd3 Bd6 
9.Qd2 Qe7 10.O-O-O Be6 11.Kb1 Bb4 12.e4 Na6 13.exd5 cxd5 14.Bb5+ Kf8 15.
Nge2 Nc7 16.Bd3 g6 17.Rde1 Qd7 18.Rhg1 h5 19.Nf4 Bf5 20.Bxf5 Qxf5 21.Re5 
Qd7 22.Nxg6+ fxg6 23.Rxg6 Qf7 24.Qg5 Ra6 25.Rf5 Be7 26.Ba3 Bxa3 27.Rfxf6 
Rxf6 28.Rxf6 Rg8 29.Rxf7+ Kxf7 30.Qxh5+ Ke7 31.Ne2 Rg2 32.Qe5+ Kd7 33.c4 
dxc4 34.bxc4 Bd6 35.Qf5+ Kd8 36.Qe4 Rxh2 37.c5 Be7 38.Nc3 Kc8 1-0

[Event "Rewal 2011 - Open A"]
[Site "Rewal"]
[Date "2011.08.23"]
[Round "4.34"]
[White "Sliwicki, Damian"]
[Black "Zmarzly, Aleksandra"]
[Result "1-0"]
[WhiteElo "1899"]
[BlackElo "2094"]
[EventDate "2011.??.??"]
[PlyCount "91"]

1.e4 e6 2.d4 d5 3.Nc3 Nf6 4.Bg5 Bb4 5.e5 h6 6.Be3 Ne4 7.Qg4 g6 8.Bd3 Bxc3+
9.bxc3 Nxc3 10.Kd2 Na4 11.Ne2 Nc6 12.h4 Ne7 13.h5 g5 14.Ng3 c5 15.c3 Qa5 
16.Rhc1 Nc6 17.Ne2 Nb2 18.f4 cxd4 19.Nxd4 Nxd4 20.Bxd4 Nxd3 21.Kxd3 Qb5+ 
22.Ke3 f5 23.Qf3 Rg8 24.g3 Qc4 25.Rcb1 b6 26.Rb4 Qc7 27.a4 Ba6 28.a5 b5 
29.Kf2 Rc8 30.Qe3 gxf4 31.gxf4 Qg7 32.Qf3 Rc7 33.Rbb1 Qe7 34.Ke3 Qh4 35.
Rh1 Qd8 36.Rhg1 Rcg7 37.Qf2 Qc7 38.Rxg7 Qxg7 39.Kd2 Qc7 40.Rg1 Rf8 41.Rg6 
Qxa5 42.Rxe6+ Kd7 43.Rd6+ Kc7 44.Qh4 Rc8 45.Qf6 Qa2+ 46.Ke3 1-0

[Event "Rewal 2011 - Open A"]
[Site "Rewal"]
[Date "2011.08.23"]
[Round "4.35"]
[White "Lewtak, Damian"]
[Black "Koitka, Jakub"]
[Result "0-1"]
[WhiteElo "2093"]
[BlackElo "1917"]
[EventDate "2011.??.??"]
[PlyCount "78"]

1.e4 e5 2.Nf3 Nc6 3.Bb5 a6 4.Ba4 Nf6 5.O-O Be7 6.Re1 b5 7.Bb3 d6 8.c3 O-O 
9.h3 Nb8 10.d4 Nbd7 11.a4 Bb7 12.Nbd2 c5 13.d5 c4 14.Bc2 Re8 15.Nf1 Bf8 
16.Ng3 g6 17.Be3 Qc7 18.Qd2 Nc5 19.Bh6 Nfd7 20.Bxf8 Nxf8 21.Qh6 f6 22.Nh2 
Qg7 23.Qd2 Nfd7 24.h4 h5 25.Re3 Nb3 26.Bxb3 cxb3 27.Qe2 bxa4 28.Nxh5 Qh6 
29.Rg3 Kf7 30.Nxf6 Nxf6 31.Rf3 Qxh4 32.Ng4 Rh8 33.Rxf6+ Kg7 34.f3 Qh1+ 35.
Kf2 Qxa1 36.Qc4 Rh1 37.Qc7+ Kh8 38.Kg3 Qe1+ 39.Nf2 Rf1 0-1

[Event "Rewal 2011 - Open A"]
[Site "Rewal"]
[Date "2011.08.23"]
[Round "4.36"]
[White "Miturova, Magdalena"]
[Black "Andrzejewska, Anna"]
[Result "1/2-1/2"]
[WhiteElo "2072"]
[BlackElo "1987"]
[EventDate "2011.??.??"]
[PlyCount "35"]

1.e4 e5 2.Nf3 Nc6 3.Nc3 Nf6 4.g3 Bb4 5.d3 d5 6.exd5 Nxd5 7.Bd2 O-O 8.Bg2 
Nxc3 9.bxc3 Bc5 10.O-O Re8 11.Re1 f6 12.Nh4 Be6 13.Be4 Qd7 14.d4 Bb6 15.
Qh5 g6 16.Qf3 exd4 17.Qxf6 Qf7 18.Qxf7+ 1/2-1/2

[Event "Rewal 2011 - Open A"]
[Site "Rewal"]
[Date "2011.08.23"]
[Round "4.38"]
[White "Mlodzinska, Irena"]
[Black "Krupa, Krzysztof"]
[Result "1/2-1/2"]
[WhiteElo "1926"]
[BlackElo "2035"]
[EventDate "2011.??.??"]
[PlyCount "97"]

1.e4 e5 2.Nf3 Nc6 3.Bb5 Bc5 4.Nc3 Nd4 5.Nxd4 exd4 6.Ne2 c6 7.Bc4 Nf6 8.d3 
d5 9.exd5 Nxd5 10.O-O O-O 11.Nf4 Nf6 12.Bd2 Ng4 13.h3 Ne5 14.Bb3 Qh4 15.
Qh5 Qxh5 16.Nxh5 Bxh3 17.Bf4 Bg4 18.Nxg7 Kxg7 19.Bxe5+ f6 20.Bf4 Rfe8 21.
Rfe1 Bb4 22.Rxe8 Rxe8 23.f3 Bf5 24.Kf2 h5 25.Rd1 b5 26.Bd2 Bd6 27.Rh1 Rh8 
28.Rh4 Bd7 29.Bf4 Be7 30.Bg3 Kg6 31.Kf1 Bc5 32.Bf2 Bb6 33.Bxd4 c5 34.Bf2 
f5 35.c3 Bd8 36.Rh1 Be7 37.d4 c4 38.Bc2 b4 39.cxb4 Rb8 40.g4 hxg4 41.fxg4 
Rxb4 42.gxf5+ Bxf5 43.Bxf5+ Kxf5 44.b3 cxb3 45.axb3 Rxb3 46.Rh5+ Kf4 47.
Ra5 Kf3 48.Rf5+ Kg4 49.Rf7 1/2-1/2

[Event "Rewal 2011 - Open A"]
[Site "Rewal"]
[Date "2011.08.23"]
[Round "4.40"]
[White "Bes, Michal"]
[Black "Duszenko, Michal"]
[Result "1-0"]
[WhiteElo "1906"]
[BlackElo "1840"]
[EventDate "2011.??.??"]
[PlyCount "89"]

1.e4 e5 2.Nf3 Nc6 3.Bb5 a6 4.Bxc6 dxc6 5.d4 exd4 6.Qxd4 Qxd4 7.Nxd4 c5 8.
Ne2 Bd7 9.Nbc3 O-O-O 10.Be3 Nf6 11.f3 Bc6 12.O-O Be7 13.Rad1 b6 14.Nf4 Bd6
15.Nfd5 Nxd5 16.Nxd5 Rhe8 17.Rfe1 Be5 18.c3 h6 19.Nf4 Ba4 20.b3 Bc6 21.Ne2
Bb5 22.c4 Bc6 23.f4 Bb2 24.e5 Be4 25.Ng3 Bd3 26.Kf2 Bc3 27.Rh1 f6 28.exf6 
Bxf6 29.Rhe1 Bc3 30.Bd2 Rxe1 31.Bxe1 Bb2 32.Ne2 Bc2 33.Rxd8+ Kxd8 34.Bc3 
Bxc3 35.Nxc3 Kd7 36.g4 c6 37.Ke3 b5 38.Ne4 Bxe4 39.Kxe4 Ke6 40.h4 b4 41.
f5+ Kf6 42.Kf4 Kf7 43.Ke5 Ke7 44.g5 Kf7 45.Kd6 1-0

[Event "Rewal 2011 - Open A"]
[Site "Rewal"]
[Date "2011.08.23"]
[Round "4.41"]
[White "Boruta, Dawid"]
[Black "Gabrys, Sebastian"]
[Result "1-0"]
[WhiteElo "1874"]
[BlackElo "1805"]
[EventDate "2011.??.??"]
[PlyCount "129"]

1.f4 Nf6 2.Nf3 d5 3.g3 c5 4.Bg2 Nc6 5.O-O g6 6.d3 Bg7 7.c3 O-O 8.Na3 Bf5 
9.Nh4 Qd7 10.Nxf5 Qxf5 11.Qc2 d4 12.Nc4 Nd5 13.e4 dxe3 14.Nxe3 Nxe3 15.
Bxe3 c4 16.Be4 cxd3 17.Qxd3 Qf6 18.Qc2 e6 19.Rad1 Rfd8 20.Qa4 Rxd1 21.Rxd1
e5 22.Qb5 Rd8 23.Rf1 Rd7 24.f5 a6 25.Qc4 Qd6 26.fxg6 hxg6 27.Bc5 Qe6 28.
Qxe6 fxe6 29.Bxg6 Nd8 30.Be3 Bf8 31.Kf2 Kg7 32.Be4 Nf7 33.Ke2 Nd6 34.Bg2 
Nc4 35.Bc1 Nb6 36.Bh3 Rd6 37.Rf3 Nd5 38.Bd2 e4 39.Rf1 Be7 40.c4 e3 41.Bxe3
Nxe3 42.Kxe3 Bg5+ 43.Kf3 e5 44.Kg4 Be3 45.Kf5 Bd4 46.b3 Rh6 47.Kg4 Rg6+ 
48.Kf5 Rh6 49.Bg2 Rxh2 50.Bxb7 Rxa2 51.Ke6 Ra3 52.Rf3 a5 53.Bc6 Ra1 54.Rd3
Rc1 55.Kd5 Kf6 56.Bd7 Kg5 57.Kc6 a4 58.bxa4 Rxc4+ 59.Kd5 Rc5+ 60.Ke4 Rc7 
61.Be6 Ra7 62.Ra3 Kf6 63.Bg4 Rg7 64.Bf5 Ra7 65.a5 1-0

[Event "Rewal 2011 - Open A"]
[Site "Rewal"]
[Date "2011.08.24"]
[Round "5.1"]
[White "Cyborowski, Lukasz"]
[Black "Strzemiecki, Zbigniew"]
[Result "0-1"]
[WhiteElo "2537"]
[BlackElo "2420"]
[EventDate "2011.??.??"]
[PlyCount "90"]

1.Nf3 Nf6 2.c4 b6 3.e3 e6 4.d4 Bb7 5.Bd3 c5 6.O-O Be7 7.Nc3 O-O 8.d5 exd5 
9.cxd5 d6 10.e4 Nbd7 11.h3 Re8 12.Re1 Bf8 13.Bf4 a6 14.a4 Qc7 15.Bh2 Ne5 
16.Nxe5 dxe5 17.Rc1 Bd6 18.Nb1 Rab8 19.Na3 Nd7 20.Qe2 Ra8 21.Nc4 f6 22.Bg3
Reb8 23.Rf1 Bc8 24.b3 Bf8 25.Ne3 Ra7 26.Rcd1 Bd6 27.Nc4 Raa8 28.Kh1 Ra7 
29.Bh2 Raa8 30.Rc1 Bf8 31.f4 Bd6 32.Qh5 exf4 33.Nxd6 g6 34.Qh4 Qxd6 35.
Bxf4 Qe7 36.d6 Qe8 37.Bc4+ Kh8 38.e5 b5 39.e6 g5 40.Qh6 Qg6 41.exd7 Bxd7 
42.Qxg6 hxg6 43.Bd5 gxf4 44.Bxa8 Rxa8 45.axb5 g5 {czas} 0-1

[Event "Rewal 2011 - Open A"]
[Site "Rewal"]
[Date "2011.08.24"]
[Round "5.3"]
[White "Sowul, Bartosz"]
[Black "Dragun, Kamil"]
[Result "1/2-1/2"]
[WhiteElo "2208"]
[BlackElo "2428"]
[EventDate "2011.??.??"]
[PlyCount "69"]

1.d4 Nf6 2.c4 g6 3.Nc3 Bg7 4.e4 O-O 5.Nf3 d6 6.Be2 Bg4 7.O-O Nfd7 8.Be3 
Nc6 9.d5 Bxf3 10.Bxf3 Na5 11.Be2 Bxc3 12.bxc3 e5 13.Qa4 b6 14.Rae1 Qe7 15.
Qc2 Rac8 16.g3 c6 17.Bh6 Rfe8 18.h4 Rc7 19.Rc1 Rec8 20.Bg5 Qe8 21.Bd2 cxd5
22.cxd5 Nc5 23.Bg4 Rb8 24.h5 Qa4 25.Qxa4 Nxa4 26.hxg6 hxg6 27.Kg2 f6 28.
Rh1 Nc5 29.Rh6 Rg7 30.Rch1 Kf7 31.Rh7 Rg8 32.Rxg7+ Kxg7 33.Bh6+ Kf7 34.Be3
Kg7 35.Bh6+ 1/2-1/2

[Event "Rewal 2011 - Open A"]
[Site "Rewal"]
[Date "2011.08.24"]
[Round "5.4"]
[White "Janus, Przemyslaw"]
[Black "Ivanov, Mikhail M"]
[Result "0-1"]
[WhiteElo "2134"]
[BlackElo "2410"]
[EventDate "2011.??.??"]
[PlyCount "78"]

1.d4 Nf6 2.c4 e6 3.Nc3 Bb4 4.e3 b6 5.Ne2 c5 6.a3 Ba5 7.Bd2 Nc6 8.Nb5 Bxd2+
9.Qxd2 d5 10.cxd5 exd5 11.dxc5 bxc5 12.Nf4 O-O 13.Be2 a6 14.Nc3 d4 15.exd4
Nxd4 16.Rd1 Bf5 17.Nd3 Re8 18.Nxc5 Nxe2 19.Nxe2 Qe7 20.Qe3 Qc7 21.Qc3 Qc6 
22.f3 Nd5 23.Qc1 Ne3 24.Rd2 Nxg2+ 25.Kf2 Nh4 26.Nd4 Qd5 27.Qc3 Qe5 28.Re2 
Qf4 29.Nxf5 Rxe2+ 30.Kxe2 Re8+ 31.Ne4 Nxf5 32.Kf2 h6 33.Qd3 Qh4+ 34.Kg2 
Rd8 35.Qe2 Qf4 36.b4 Nh4+ 37.Kf2 f5 38.Nf6+ Kh8 39.Nh5 Qg5 0-1

[Event "Rewal 2011 - Open A"]
[Site "Rewal"]
[Date "2011.08.24"]
[Round "5.5"]
[White "Nguyen, Piotr"]
[Black "Klekowski, Maciej"]
[Result "1-0"]
[WhiteElo "2378"]
[BlackElo "2248"]
[EventDate "2011.??.??"]
[PlyCount "123"]

1.d4 Nf6 2.c4 e6 3.g3 d5 4.Nf3 Bb4+ 5.Bd2 Be7 6.Bg2 dxc4 7.O-O c6 8.Qc2 b5
9.a4 Bb7 10.Nc3 a6 11.e4 O-O 12.Rfe1 Nbd7 13.Rad1 Re8 14.h4 Qb6 15.Bh3 c5 
16.d5 exd5 17.Nxd5 Nxd5 18.Bxd7 Red8 19.exd5 Rxd7 20.Bg5 f6 21.Qf5 Qd8 22.
Qe6+ Kf8 23.Ne5 fxe5 24.Rxe5 Bxg5 25.hxg5 Rf7 26.Rde1 Qd7 27.Qb6 Kg8 28.g6
Rf6 29.gxh7+ Kxh7 30.Qxf6 gxf6 31.Re7+ Qxe7 32.Rxe7+ Kg6 33.Rxb7 bxa4 34.
d6 c3 35.bxc3 a3 36.Rb3 Kf5 37.Rxa3 Ke6 38.Kg2 Kxd6 39.Kf3 Kd5 40.Kf4 Ke6 
41.Ra5 Ra7 42.g4 Ra8 43.f3 Ra7 44.c4 Ra8 45.Ke4 Ra7 46.Rxc5 a5 47.Rc6+ Ke7
48.Kf5 a4 49.Re6+ Kf7 50.Rxf6+ Kg7 51.Rd6 a3 52.Rd1 a2 53.Ra1 Ra5+ 54.Ke6 
Kg6 55.Kd6 Ra6+ 56.Kd5 Kf6 57.c5 Ke7 58.f4 Ra4 59.Ke5 Ra5 60.Ke4 Ra4+ 61.
Kf5 Kf7 62.Kg5 1-0

[Event "Rewal 2011 - Open A"]
[Site "Rewal"]
[Date "2011.08.24"]
[Round "5.6"]
[White "Klim, Kamil"]
[Black "Sabuk, Piotr"]
[Result "1/2-1/2"]
[WhiteElo "2328"]
[BlackElo "2199"]
[EventDate "2011.??.??"]
[PlyCount "34"]

1.d4 d5 2.c4 e6 3.Nc3 Be7 4.Nf3 Nf6 5.Bg5 h6 6.Bxf6 Bxf6 7.e3 O-O 8.Qd2 
dxc4 9.Bxc4 c5 10.Ne4 cxd4 11.Nxf6+ Qxf6 12.Qxd4 Qxd4 13.Nxd4 Bd7 14.Rd1 
Nc6 15.Nb5 Rfd8 16.Be2 Nb4 17.Nc3 Bc6 1/2-1/2

[Event "Rewal 2011 - Open A"]
[Site "Rewal"]
[Date "2011.08.24"]
[Round "5.7"]
[White "Ziaziulkina, Nastassia"]
[Black "Guzik, Jolanta"]
[Result "1-0"]
[WhiteElo "2291"]
[BlackElo "2150"]
[EventDate "2011.??.??"]
[PlyCount "53"]

1.e4 e5 2.Nf3 Nc6 3.Bb5 Nge7 4.Nc3 g6 5.d4 exd4 6.Nd5 Bg7 7.Bg5 h6 8.Bf6 
Bxf6 9.Nxf6+ Kf8 10.Qd2 d5 11.Bxc6 Nxc6 12.Nxd5 Bf5 13.Nxc7 Qxc7 14.exf5 
Re8+ 15.Kf1 Qb6 16.g3 Qb5+ 17.Kg2 Qd5 18.Rhe1 Kg7 19.Qd3 gxf5 20.c4 Qc5 
21.Rad1 Rd8 22.a3 a5 23.Rd2 Rhe8 24.Rxe8 Rxe8 25.Nxd4 Rd8 26.Nxf5+ Kh7 27.
Nd6+ 1-0

[Event "Rewal 2011 - Open A"]
[Site "Rewal"]
[Date "2011.08.24"]
[Round "5.8"]
[White "Obrusnik, Michal"]
[Black "Matuszczyk, Przemyslaw"]
[Result "1-0"]
[WhiteElo "2255"]
[BlackElo "2032"]
[EventDate "2011.??.??"]
[PlyCount "33"]

1.d4 Nf6 2.c4 g6 3.g3 Bg7 4.Bg2 d6 5.Nf3 O-O 6.O-O c5 7.Nc3 Na6 8.b3 Bg4 
9.Bb2 Qc8 10.Re1 Rb8 11.Qd2 Nb4 12.d5 Bd7 13.e4 Ng4 14.Re2 Re8 15.Ne1 b5 
16.cxb5 Bd4 17.a3 1-0

[Event "Rewal 2011 - Open A"]
[Site "Rewal"]
[Date "2011.08.24"]
[Round "5.9"]
[White "Dowgird, Filip"]
[Black "Maljush, Andrej"]
[Result "1/2-1/2"]
[WhiteElo "2110"]
[BlackElo "2316"]
[EventDate "2011.??.??"]
[PlyCount "115"]

1.e4 e6 2.d3 d5 3.Nd2 Nf6 4.Ngf3 b6 5.c3 c5 6.Qa4+ Bd7 7.Qc2 Nc6 8.g3 Qc7 
9.Bg2 h6 10.h4 Bd6 11.a3 O-O-O 12.b4 dxe4 13.dxe4 cxb4 14.cxb4 Ne5 15.
Qxc7+ Bxc7 16.Nxe5 Bxe5 17.Ra2 Bb5 18.f4 Bd4 19.Nb3 Bc3+ 20.Bd2 Bxd2+ 21.
Nxd2 Rd4 22.e5 Ne8 23.Kf2 f6 24.Rc1+ Kd8 25.Nf3 Rd7 26.Bh3 Ke7 27.Rac2 Bd3
28.Rd2 Bb5 29.Ke3 Rxd2 30.Kxd2 Bd7 31.Ke3 Rf8 32.Nd4 h5 33.Nc6+ Bxc6 34.
Rxc6 f5 35.Rc8 a5 36.Rc6 axb4 37.axb4 Kd7 38.Rxb6 Nc7 39.Bg2 Rc8 40.Rb7 
Kd8 41.Kd4 Ne8 42.b5 Rc2 43.Bf3 Nc7 44.b6 Nb5+ 45.Ke3 Rc3+ 46.Kf2 Rc2+ 47.
Kg1 Nd4 48.Bxh5 Rb2 49.Rb8+ Kd7 50.Kf1 Kc6 51.b7 Kc7 52.Rg8 Kxb7 53.Rxg7+ 
Kc6 54.Ra7 Kd5 55.Ra3 Ke4 56.Kg1 Nb3 57.Bd1 Nd4 58.Bh5 1/2-1/2

[Event "Rewal 2011 - Open A"]
[Site "Rewal"]
[Date "2011.08.24"]
[Round "5.11"]
[White "Palosz, Andrzej"]
[Black "Pacuszka, Tomasz"]
[Result "0-1"]
[WhiteElo "2167"]
[BlackElo "2289"]
[EventDate "2011.??.??"]
[PlyCount "110"]

1.e4 e5 2.Nf3 Nc6 3.Bb5 a6 4.Ba4 Nf6 5.O-O Be7 6.Re1 b5 7.Bb3 d6 8.c3 O-O 
9.h3 Na5 10.Bc2 c5 11.d4 Nd7 12.Nbd2 exd4 13.cxd4 Nc6 14.d5 Nce5 15.Nxe5 
Nxe5 16.f4 Ng6 17.Nf3 Bh4 18.Nxh4 Qxh4 19.Rf1 Re8 20.Qf3 Bd7 21.Bd2 b4 22.
Rad1 Bb5 23.Rfe1 Ra7 24.Kh2 Qf6 25.Bc1 a5 26.Qg3 Rae7 27.f5 Nf8 28.Bg5 Qe5
29.Bf4 Qxb2 30.f6 Qxf6 31.Bxd6 Re5 32.Bxe5 Rxe5 33.d6 Nd7 34.Rd5 g6 35.
Red1 a4 36.Rxe5 Qxe5 37.Qxe5 Nxe5 38.Kg3 f6 39.Rd5 Nd7 40.Kf4 Kf7 41.Bd1 
h5 42.h4 Bc6 43.Rd2 c4 44.Ke3 Ke6 45.g4 Ne5 46.gxh5 gxh5 47.Rd4 a3 48.Be2 
b3 49.Bxc4+ Nxc4+ 50.Rxc4 b2 51.Rb4 Kxd6 52.Kd4 Bd7 53.Kc3 Be6 54.Rd4+ Ke5
55.Rd1 Bxa2 0-1

[Event "Rewal 2011 - Open A"]
[Site "Rewal"]
[Date "2011.08.24"]
[Round "5.12"]
[White "Nasuta, Grzegorz"]
[Black "Mitura, Vaclav"]
[Result "1/2-1/2"]
[WhiteElo "2237"]
[BlackElo "2150"]
[EventDate "2011.??.??"]
[PlyCount "95"]

1.e4 c6 2.d4 d5 3.Nc3 dxe4 4.Nxe4 Bf5 5.Ng3 Bg6 6.h4 h6 7.Nf3 Nd7 8.h5 Bh7
9.Bd3 Bxd3 10.Qxd3 e6 11.Bf4 Qa5+ 12.Bd2 Qc7 13.O-O-O Ngf6 14.Ne4 Nxe4 15.
Qxe4 Nf6 16.Qe2 Bd6 17.g3 O-O-O 18.c4 Qe7 19.Kb1 Kb8 20.Ne5 Nd7 21.Nd3 Nf6
22.Bc3 Rc8 23.f4 b5 24.b3 bxc4 25.bxc4 Rc7 26.Ka1 Rb7 27.Qf3 Rc8 28.Rb1 
Ka8 29.Rhe1 Qd7 30.Rbd1 Qc7 31.g4 Be7 32.Re2 Nd7 33.f5 Bf6 34.fxe6 fxe6 
35.Rxe6 c5 36.Nb2 cxd4 37.Bxd4 Bxd4 38.Rxd4 Nc5 39.Re2 Qb6 40.Rdd2 Rb8 41.
Re5 Qb4 42.Rde2 a6 43.Qc6 Qc3 44.Kb1 Qd3+ 45.Kc1 Qc3+ 46.Kb1 Qd3+ 47.Kc1 
Qc3+ 48.Kb1 1/2-1/2

[Event "Rewal 2011 - Open A"]
[Site "Rewal"]
[Date "2011.08.24"]
[Round "5.13"]
[White "Smolka, Marcin"]
[Black "Krupa, Monika"]
[Result "0-1"]
[WhiteElo "1862"]
[BlackElo "2226"]
[EventDate "2011.??.??"]
[PlyCount "36"]

1.e4 c5 2.Nf3 Nc6 3.c4 e5 4.Nc3 d6 5.d3 Be7 6.Be2 f5 7.Nd5 Nf6 8.Bd2 a6 9.
Qb1 O-O 10.b4 b5 11.bxc5 bxc4 12.cxd6 Bxd6 13.Nxf6+ Qxf6 14.dxc4 Rb8 15.
Qd3 Nb4 16.Bxb4 Bxb4+ 17.Kf1 Bb7 18.Qb3 fxe4 0-1